| 000 | 01558nam a2200289Ia 4500 | ||
|---|---|---|---|
| 999 |
_c40857 _d40857 |
||
| 001 | 7499 | ||
| 003 | GE_BSU | ||
| 005 | 20200108170833.0 | ||
| 008 | 181216s2013||||ge |||||||||||||| ||geo|| | ||
| 020 | _a9789941434402 | ||
| 040 | _cGE_BSU | ||
| 041 | _ageo | ||
| 080 | _a801.73 მ–89 | ||
| 100 |
_aმჟავანაძე, ეკატერინე _96017 |
||
| 245 |
_aტექსტებზე ორიენტირებული კომპეტენციების სწავლება / სწავლა უცხოური ენების მაგალითზე : _bმონოგრაფია / _cეკატერინე მჟავანაძე ; რედ.: ციალა მეგრელაძე, ირინე გოშხეთელიანი. |
||
| 264 |
_aბათუმი : _bბათუმის შოთა რუსთაველის სახ. უნ–ტი, _c2013. |
||
| 300 |
_a278 გვ.; _b21 სმ. |
||
| 500 | _aთავფურ. მე-3 გვ. | ||
| 501 | _aანბ. საძიებელი: გვ. 276. | ||
| 504 | _a ბიბლიოგრ.: გვ. 261-275. | ||
| 520 | _aრეზ. ინგლ. | ||
| 541 | _h7ლ.33თ. | ||
| 653 | _a უცხო ენის სწავლების მეთოდიკა | ||
| 700 |
_aმეგრელაძე, ციალა _eრედაქტორი _91081 |
||
| 700 |
_aგოშხეთელიანი, ირინე _eრედაქტორი _96018 |
||
| 942 |
_cBK _2udc |
||